Holiday Quiz

Random Holiday or Halloween Quiz

Halloween Teddy Bears Quiz Stats

 Plays Quiz Updated Oct 29, 2017

Challenge
Share
Tweet
Score 0/14 Timer 02:00
10 Plays Today
% Correct
Ghost
96.6%
Jack O'Lantern
96.3%
Witch
96.2%
Skeleton
96.2%
Fairy
95.6%
Mummy
94.9%
Wizard
94.2%
% Correct
Black Cat
94%
Death
93.1%
Vampire
92.2%
Werewolf
91.4%
Bat
91.4%
Zombie
89.7%
Demon
87.8%

You're not logged in!

Compare scores with friends on all Sporcle quizzes.
Join for Free
OR
Log In

You Might Also Like...

Show Comments

Extras

Top Quizzes Today


Score Distribution

Your Account Isn't Verified!

In order to create a playlist on Sporcle, you need to verify the email address you used during registration. Go to your Sporcle Settings to finish the process.

Report this User

Report this user for behavior that violates our Community Guidelines.

Details: